Stolice z najdłuższą i najkrótszą nazwą według kontynentu - Statystyki

Ogólne statystyki
  • Ten quiz został rozwiązany 23 razy
    20 od ostatniego zresetowania
  • Średni wynik to 8 z 12
Statystyki odpowiedzi
Kontynent Stolica Litery % Poprawnych
Lima 4
95%
Akra / Kair / Lomé 4
90%
Baku / Dili / Doha / Male / Sana / Seul 4
90%
Hawana / Meksyk / Nassau / Ottawa / Panama / Roseau 6
90%
Oslo / Ryga / Rzym 4
90%
Bratysława / Luksemburg 10
65%
Apia / Suva 4
55%
Sri Dźajawardanapura Kotte 24
55%
Buenos Aires 11
50%
Port-au-Prince / Saint George's / Santo Domingo 12
45%
Port Moresby 11
45%
Ciudad de la Paz 13
15%
Nie znaleziono quizów pasujących do podanych kryteriów
Rozkład punktacji
Procent ludzi z każdym wynikiem
Percentyl według liczby udzielonych odpowiedzi
Twoja historia wyników
Nie rozwiązałeś tego quizu od ostatniego zresetowania